00225nam a2200085Ia 4500008004100000245004800041260002200089440000600111521002200117140130s9999 xx 000 0 und d cStork, FranciscoaMarcelo in the real world bScholastic,c2009 v1 aGrade 3 - Grade 5